000 00603nam a2200217Ia 4500
008 101110s9999 xx 000 0 und d
041 _aENGLISH
082 _bSR28165
100 _aLaxmeshwar N.B., Malushte S.M., Dave M.A. and others
245 _aConcepts in analytical chemistry TYBSc
260 _c2004
_bChetana Prakashan, Mumbai
300 _a346
365 _b110
520 _aChemistry
546 _aENGLISH
630 _aConcepts in analytical chemistry TYBSc
650 _aChemistry
655 _aChemistry
730 _aConcepts in analytical chemistry TYBSc
942 _cBOOK
999 _c820708
_d820705